| 000 | 01061 a2200253 4500 | ||
|---|---|---|---|
| 003 | Nust | ||
| 005 | 20230126134031.0 | ||
| 010 | _a 89011285 | ||
| 020 | _a083680032X | ||
| 040 | _cNust | ||
| 082 | 0 | 0 | _a910.9,BRO |
| 100 | 1 |
_aBrown, Julie, _9104099 |
|
| 245 | 1 | 0 |
_aExploring the world / _cJulie Brown, Robert Brown. |
| 260 |
_aMilwaukee : _bGareth Stevens Children's Books, _c1990. |
||
| 300 |
_a64 p. : _bcol. ill. ; _c26 cm. |
||
| 440 | 0 |
_aMy first reference library _9100150 |
|
| 505 | _aReasons to Explore (Page-4), The Ancient World (Page-6), Expanding Nations (Page-10), Opening the Pacific (Page-20), Across the New World (Page-24), The Wilds of Asia (Page-30), South America (Page-36), Into Africa (Page-42), Australia’s Interior (Page-48), The Ends of the Earth (Page-52). | ||
| 650 | 0 |
_aDiscoveries in geography _xJuvenile literature. _9107792 |
|
| 650 | 0 |
_aDiscoveries in geography. _926287 |
|
| 650 | 0 |
_aExplorers. _926643 |
|
| 700 | 1 |
_aBrown, Robert, _d1961- _9104103 |
|
| 700 | 1 |
_aMan, John, _d1941- _9107793 |
|
| 942 |
_2ddc _cBK |
||
| 999 |
_c186943 _d186943 |
||